| 000 | 01125cam a2200337 a 4500 | ||
|---|---|---|---|
| 001 | 15408078 | ||
| 003 | ARRUPE | ||
| 005 | 20150505121807.0 | ||
| 008 | 080811s2008 enk 000 1 eng | ||
| 010 | _a 2008276347 | ||
| 020 | _a9780571215287 | ||
| 040 |
_aDLC _cDLC _dDLC |
||
| 043 | _ae-ie--- | ||
| 050 | 0 | 0 |
_aPZ4.B221 _bS4 |
| 082 | 0 | 0 |
_a823/.914 _222 |
| 100 | 1 |
_aBarry, Sebastian, _d1955- _917681 |
|
| 245 | 1 | 4 |
_aThe secret scripture : _ba novel / _cby Sebastian Barry. |
| 260 |
_aLondon : _bFaber and Faber, _c2008. |
||
| 300 |
_a300 p. ; _c25 cm. |
||
| 650 | 0 |
_aWomen patients _vFiction. _917682 |
|
| 650 | 0 |
_aPsychiatrists _vFiction. _917683 |
|
| 650 | 0 |
_aPhysician and patient _vFiction _917684 |
|
| 651 | 0 |
_aSligo (Ireland : County) _vFiction. _917685 |
|
| 651 | 0 |
_aIreland _vFiction. _917686 |
|
| 651 | 0 |
_aIreland _xSocial conditions _y1922-1973 _vFiction. _917687 |
|
| 655 | 0 |
_aDomestic fiction. _917688 |
|
| 655 | 0 |
_aPsychological fiction. _93218 |
|
| 906 |
_a7 _bcbc _corigcop _d1 _encip _f20 _gy-gencatlg |
||
| 942 |
_2lcc _cMONOGRAPH |
||
| 999 |
_c122805 _d122805 |
||